Povinná dokumentácia pri transferovom oceňovaní
Pojem oceňovanie. Vymedzenie a základné pravidlá transferového oceňovania. Metódy transferového oceňovania. Legislatívna úprava na Slovensku. Ilustračné príklady.
Salvato in:
| Autore principale: | |
|---|---|
| Natura: | Capitolo di libro |
| Lingua: | slovacco |
| Soggetti: | |
| Tags: |
Nessun Tag, puoi essere il primo ad aggiungerne!!
|
MARC
| LEADER | 00000naa$a2200000$$$4500 | ||
|---|---|---|---|
| 001 | 0099067 | ||
| 005 | 20240502072106.5 | ||
| 041 | 0 | |a slo | |
| 044 | |a SK | ||
| 245 | 1 | 0 | |a Povinná dokumentácia pri transferovom oceňovaní |c Anna Harumová |
| 520 | |a Pojem oceňovanie. Vymedzenie a základné pravidlá transferového oceňovania. Metódy transferového oceňovania. Legislatívna úprava na Slovensku. Ilustračné príklady. | ||
| 610 | 2 | 0 | |a dane |
| 610 | 2 | 0 | |a oceňovanie transferové |
| 610 | 2 | 0 | |a Slovensko |
| 610 | 2 | 0 | |a úpravy právne |
| 610 | 2 | 0 | |a dokumentácia účtovná |
| 610 | 2 | 0 | |a dokumentácia cenová |
| 100 | 1 | |a Harumová, Anna, 1955- | |